| 000 | 00737nam a2200181Ia 4500 | ||
|---|---|---|---|
| 008 | 090124s9999 xx 000 0 und d | ||
| 082 | _b42838 | ||
| 100 | _aदत्तावधूत स्वामी | ||
| 245 | _a मानवी जीवनातील गुढ रहस्ये (भाग 5) | ||
| 250 | _a1 | ||
| 260 |
_bवनिता बुक्स _c2004 |
||
| 300 | _a224 | ||
| 600 | _aदत्तावधूत स्वामी | ||
| 630 | _a मानवी जीवनातील गुढ रहस्ये (भाग 5) | ||
| 700 | _aदत्तावधूत स्वामी | ||
| 730 | _a मानवी जीवनातील गुढ रहस्ये (भाग 5) | ||
| 942 | _cBOOK | ||
| 999 |
_c109339 _d109339 |
||